00689nam a2200241 a 4500001001300000003000900013005001700022008004100039020001000080082001500090100002700105245003100132260003200163300000900195500003500204505004100239650001600280700002700296902000800323942000700331952009600338999001300434nice12345678IN_TiNIC20260116011326.0050524s1928 lona grp 000 0 eng  ac10000a958.1bSHA aShah Sirdar, Ikbal Ali aAfghanistan of the Afghans aLondonbDiamond Pressc1928 a272p aincludes index and biblioraphy2 aIll, Numerous Illusrations and a Map aAfghanistan1 aShah Sirdar, Ikbal Ali bSRS cBK 00104070aHMIbHMId2008-09-17g100.00l0o958.1 SHAp00430r2008-09-17w2026-01-16yARB c527d527